Kočky : a 14 dalších povídek /
Nervydrásající příběhy od Bernarda Miniera, které vám zmrazí srdce hrůzou.
Uloženo v:
| Hlavní autor: | |
|---|---|
| Další autoři: | |
| Médium: | E-kniha |
| Jazyk: | Czech |
| Vydáno: |
Praha :
XYZ,
2025
|
| Vydání: | První vydání |
| Témata: | |
| Tagy: |
Žádné tagy |
| LEADER | 02943nam a2200469 i 4500 | ||
|---|---|---|---|
| 001 | 312813 | ||
| 003 | CZ PrSKC | ||
| 005 | 20260601215729.0 | ||
| 007 | ta | ||
| 008 | 250915s2025 xr g 000 j cze | ||
| 015 | |a cnb003708650 | ||
| 020 | |a 9788076838970 |q (vázáno) : |c Kč 499,00 | ||
| 035 | |a (OCoLC)1549632428 | ||
| 040 | |a ABG001 |b cze |e rda | ||
| 041 | 1 | |a cze |h fre | |
| 072 | 7 | |a 821.133.1-3 |x Francouzská próza, francouzsky psaná |2 Konspekt | |
| 080 | |a 821.133.1-32 |2 MRF | ||
| 080 | |a (0:82-322.4) |2 MRF | ||
| 100 | 1 | |a Minier, Bernard, |d 1960- |7 xx0192250 |4 aut | |
| 240 | 1 | 0 | |a Chats. |l Česky |
| 245 | 1 | 0 | |a Kočky : |b a 14 dalších povídek / |c Bernard Minier ; z francouzského originálu Les Chats et 14 histoires mystérieuses diaboliques cruelles ... přeložila Jana Zatloukalová |
| 250 | |a První vydání | ||
| 264 | 1 | |a Praha : |b XYZ, |c 2025 | |
| 300 | |a 375 stran ; |c 22 cm | ||
| 336 | |a text |b txt |2 rdacontent | ||
| 337 | |a bez média |b n |2 rdamedia | ||
| 338 | |a svazek |b nc |2 rdacarrier | ||
| 505 | 0 | 0 | |t Dark tourism -- |t Mlčení dona Jaimeho -- |t Až na jeden detail... -- |t Pěstouni -- |t Talk-show -- |t Racionální uvažování -- |t A po lidech přijde... -- |t Tajemství abbého Darcyho -- |t Škodolibý génius -- |t Kočky -- |t Globální organická hrozba -- |t Zuby pouště -- |t Výměna neboli hrůzy války -- |t Poslední víkend v Neverville -- |t Poslední cesta |
| 520 | 2 | |a Nervydrásající příběhy od Bernarda Miniera, které vám zmrazí srdce hrůzou. |b Dva mladé páry fascinované temnou turistikou se vydávají na místa spojená s tragédiemi. Letec se během první světové války setkává s prastarou nenávistnou entitou. Zvířata se osvobodí od nadvlády lidí. Pohledný kněz ukrývá temné tajemství. Kočky nejsou tím, čím se zdají být. V patnácti povídkách mistra napětí Bernarda Miniera se vydáte do nejtemnějších míst lidské duše i do koutů světa prostoupených metafyzickým zlem. Připravte se na plíživý děs, který vás bude pronásledovat ještě dlouho po dočtení. Nakladatelská anotace. | |
| 655 | 7 | |a francouzské povídky |7 fd132287 |2 czenas | |
| 655 | 7 | |a horory (povídky) |7 fd132417 |2 czenas | |
| 655 | 7 | |a thrillery (povídky) |7 fd133702 |2 czenas | |
| 655 | 9 | |a French short stories |2 eczenas | |
| 655 | 9 | |a horror tales |2 eczenas | |
| 655 | 9 | |a thrillers (short stories) |2 eczenas | |
| 700 | 1 | |a Zatloukalová, Jana |7 xx0306971 |4 trl | |
| 900 | |a ABA001 |b 20 | ||
| 928 | 9 | |a Albatros Media - XYZ | |
| 044 | |a xr | ||
| 910 | |a RBIT002 | ||
| 998 | |d 422327 |a https://core.palmknihy.cz/api/books/422327/cover?t31p91 |b https://core.palmknihy.cz/api/books/422327/cover/400?t31p91 |c https://core.palmknihy.cz/api/books/422327/cover/50?t31p91 |e 2030-07-21 |g 376 |i 9788076838970 |j https://core.palmknihy.cz/api/books/422327/preview.epub |k https://core.palmknihy.cz/api/books/422327/preview.pdf |l |q 49 |r 1 |s https://www.palmknihy.cz/kniha/422327 |t ebook |y 2025 |z 0 | ||
| 999 | |d 312811 | ||